000 00635nam a2200217Ia 4500
005 20250508164425.0
008 008 250505s9999 xx 000 0 eng d
020 _a81-897-66-79-1
037 _aTextual
040 _aFEDL
_beng
_cFEDL
041 _aeng
_2eng
084 _a621.042, KUM
_qFEDL
100 _aKumar Har Darshan
_9335711
245 0 _aEnergy and natural resources: Sustainability and management
260 _aNew Delhi, India
_bVitasta Publishing Pvt. Ltd.
_c2008
300 _axix,619p.
365 _aINR
_b1295
650 _aEnergy
942 _cTEXL
_h621.042, KUM
999 _c1389063
_d1389063